| 000 | 02570aam a2200313 i 4500 | ||
|---|---|---|---|
| 001 | 768714001 | ||
| 003 | CO-MdFUSB | ||
| 005 | 20231026120033.0 | ||
| 007 | ta | ||
| 008 | 231006t20032003nyu||||g |||| 00| 0 eng d | ||
| 020 | _a1879737507 | ||
| 040 |
_aCO-MdFUSB _bspa _cCO-MdFUSB _dCO-MdFUSBC _erda |
||
| 041 |
_aeng _heng |
||
| 082 |
_223 _a236 _bW167 |
||
| 100 |
_aWaldron, Samuel E., _eautor |
||
| 245 | 1 | 4 |
_aThe end times made simple _b : how could everyone be so wrong about biblical prophecy? _c/ Samuel E. Waldron |
| 264 | 1 |
_aEstados Unidos : _bCalvary Press Publishing, _c[2003] |
|
| 264 | 4 | _c©2003 | |
| 300 |
_a251 páginas _c; 22 cm |
||
| 336 |
_2rdacontent _atexto _btxt |
||
| 337 |
_2rdamedia _asin mediación _bn |
||
| 338 |
_2rdacarrier _avolumen _bnc |
||
| 505 | _aI. ¿Cuántos años tiene tu escatología? necesario una escatología evangélica, pero ¿cómo es posible que todo el mundo esté tan equivocado? -- II. ¡La escatología simplificada! -- Una cuestión de interpretación -- El propio sistema de la Biblia -- El régimen básico -- El propio sistema de la Biblia -- El esquema mejorado -- La línea divisoria -- La sentencia general -- La venida del reino -- Introducido -- La venida del reino en las parábolas de Cristo -- La venida del reino en la prosa de Pablo -- La venida del reino en la visión de Juan -- La venida del reino en la visión de Juan -- El milenio en la tierra -- La venida del reino en la visión de Juan el milenio en el cielo. -- III. ¡Siguiente pregunta, por favor! -- Sección 1: Preguntas relacionadas con el evangelio actual o la era de la iglesia -- ¿Qué dice la Biblia acerca del Cielo? -- El Seol, el Hades y el Infierno -- Las perspectivas de la iglesia durante la edad evangélica -- ¿tribulación? -- ¿Son Israel y la iglesia pueblos distintos de Dios? -- La unidad y continuidad entre la iglesia e Israel ¿Son Israel y la iglesia lo mismo? Sección 2: Preguntas relacionadas con el inminente regreso de Cristo -- ¿Ha venido ya Cristo? ¿Se puede calcular la fecha de la venida de Cristo? -- ¿Vendrá Cristo antes de la tribulación final? -- Argumentos en contra del pretribulacionismo -- Argumentos a favor del pretribulacionismo respondidos -- Sección 3: Preguntas relacionadas con la resurrección -- ¿Qué enseña la Biblia acerca de la resurrección? -- Sección 4: Preguntas relacionadas con el estado eterno -- Castigo sin fin -- ¿El cielo en la tierra? | ||
| 563 | _aRústico | ||
| 650 | 7 |
_9213 _aEscatología |
|
| 942 | _cBK | ||
| 945 | _asor1564 | ||
| 999 |
_c69124 _d69124 |
||